| 000 | 00535nam a2200169 i 4500 | ||
|---|---|---|---|
| 001 | 189466 | ||
| 003 | ES-MaACL | ||
| 005 | 20230906223459.0 | ||
| 008 | 190603s2019 sp |||| | spa d | ||
| 100 | 1 |
_aLluís y Navas, Jaime. _972976 |
|
| 245 | 1 | 3 |
_aLa civilización y el derecho clásicos de la China imperial / _cJaime Lluís y Navas. |
| 260 |
_aBarcelona : _b[J. Lluís y Navas], _c2019. |
||
| 300 |
_a47 p. ; _c21 cm. |
||
| 594 | _aDatos tomados de cub. | ||
| 650 | 4 |
_aDerecho- _zChina. _9167220 |
|
| 852 |
_aES-MaACL _j2340-F-23 |
||
| 999 |
_c189466 _d189466 |
||